Újabb Tisza-kutatások
Elmentve itt :
| Szerző: | |
|---|---|
| Dokumentumtípus: | Cikk |
| Megjelent: |
1969-02-23
|
| Sorozat: | Délmagyarország
59 No. 45 |
| Kulcsszavak: | Tisza-kutatás Szeged 1969, Tiszakutató Társaság |
| Online Access: | http://dmarchiv.bibl.u-szeged.hu/56076 |
| LEADER | 00463nab a2200157 i 4500 | ||
|---|---|---|---|
| 001 | delm56076 | ||
| 005 | 20180927141842.0 | ||
| 008 | 180927s1969 hu o 0|| hun d | ||
| 040 | |a SZTE Délmagyarország Archívum |b hun | ||
| 041 | |a hun | ||
| 100 | 3 | |a T. B. | |
| 245 | 1 | 0 | |a Újabb Tisza-kutatások |h [elektronikus dokumentum] / |c T. B. |
| 260 | |c 1969-02-23 | ||
| 300 | |a 4 | ||
| 490 | 0 | |a Délmagyarország |v 59 No. 45 | |
| 695 | |a Tisza-kutatás Szeged 1969, Tiszakutató Társaság | ||